Applied Workshop calculations (Record no. 69561)

000 -LEADER
fixed length control field 00433nam a22001697a 4500
003 - CONTROL NUMBER IDENTIFIER
control field NUST - PNEC
005 - DATE AND TIME OF LATEST TRANSACTION
control field 20170116181121.0
008 - FIXED-LENGTH DATA ELEMENTS--GENERAL INFORMATION
fixed length control field 151005b xxu||||| |||| 00| 0 eng d
040 ## - CATALOGING SOURCE
Transcribing agency LIBRARY
082 ## - DEWEY DECIMAL CLASSIFICATION NUMBER
Classification number 510.2462 CHA
100 ## - MAIN ENTRY--PERSONAL NAME
9 (RLIN) 13505
Personal name Chapman, W. A. J.
245 ## - TITLE STATEMENT
Title Applied Workshop calculations
Statement of responsibility, etc. W. A. J. Chapman
250 ## - EDITION STATEMENT
Edition statement -
260 ## - PUBLICATION, DISTRIBUTION, ETC.
Date of publication, distribution, etc. -
650 ## - SUBJECT ADDED ENTRY--TOPICAL TERM
9 (RLIN) 13506
Topical term or geographic name entry element Machine-shop practice
General subdivision ME, IME
942 ## - ADDED ENTRY ELEMENTS (KOHA)
Source of classification or shelving scheme
Koha item type Book
Holdings
Withdrawn status Lost status Source of classification or shelving scheme Damaged status Not for loan Permanent Location Current Location Shelving location Date acquired Total Checkouts Full call number Barcode Date last seen Price effective from Koha item type Date last checked out
          Pakistan Navy Engineering College (PNEC) Pakistan Navy Engineering College (PNEC)       510.2462 CHA PNECLIB-002078 10/05/2015   Book  
          Pakistan Navy Engineering College (PNEC) Pakistan Navy Engineering College (PNEC)       510.2462 CHA PNECLIB-002077 10/05/2015   Book  
          Pakistan Navy Engineering College (PNEC) Pakistan Navy Engineering College (PNEC)     1 510.2462 CHA PNECLIB-002079 06/01/2016   Book 05/25/2016
          Pakistan Navy Engineering College (PNEC) Pakistan Navy Engineering College (PNEC)       510.2462 CHA PNECLIB-002080 10/05/2015   Book  
          Pakistan Navy Engineering College (PNEC) Pakistan Navy Engineering College (PNEC)       510.2462 CHA PNECLIB-002081 10/05/2015   Book  
© 2023 Central Library, National University of Sciences and Technology. All Rights Reserved.